| 000 | 01333cam a22002054a 4500 | ||
|---|---|---|---|
| 005 | 20250605163941.0 | ||
| 008 | 250528s ||||||||||||||||||||||||d | ||
| 035 | _a15034 | ||
| 020 | _a27360421 | ||
| 040 |
_aGR-AtMCL _bgre _dGR-AtMCL _eAACR2 |
||
| 245 | 1 | _aBusiness Finance for Decision Makers / Second Edition | |
| 250 | _a2nd | ||
| 260 |
_bPitman Publishing, _c1994 |
||
| 300 | _a452 | ||
| 520 | _aThis book is an introduction to financing and investment decision making. Preface, The Business Finance Environment, Introduction, A Framework for Financial Decision Making, Financial Accounting Statements and Their Interpretation, Investment Decisions, Investment Appraisal Methods, Practical Aspects of Investment Appraisal, Risk in Investment Appraisal, The Pricing of Securities and Its Relevance to Real Investment Decisions, Financing Decisions, Sources of Long-Term Finance, The Secondary Capital Market (The Stock Exchange) and Its Efficiency, Cost of Capital Estimations and the Discount Rate, Gearing and the Cost of Capital and Shareholders' Wealth, The Dividend Decision, Mixed Decisions, Management of Working Capital, Corporate Restructuring (Including Takeovers and Divestments), Small Firms, References, Appendices, Index. | ||
| 700 | 1 |
_aMclaney E.J _9870 |
|
| 942 | _cBK | ||
| 999 |
_c638 _d638 |
||